LEADER 01055nam a2200265 u 4500 001 000000073725 003 CaOOAMICUS 005 20070226122401.0 008 021023s2001 it a u000 u ita u 020 $a8830710229 035 $a10942841 040 $aPUL$bita 245 00$aGuida del mondo :$b2001/2002 : il mondo visto dal sud. 260 $aRoma :$bIstituto del Tercer Mundo,$c2001. 300 $a607 p. :$bill., c. geogr. ;$c27 cm 504 $aBibliografia in nota. 650 4$aGeografia sociale.$0(OLS)http://pul/subject/21262 651 4$aTerra.$0(OLS)http://pul/subject/21263 850 $aPUL 852 $aPUL$W1$xSL Cons. Gen., Altre Classi 1$y1$m2013 F 16$j66911$nBK-PRI$b $qStampati$B95251$CPULBib$Z2$F95251 $H $81 941 1 $a8 961 $aINV: 88401 996 $6020$a8830710229$9(OLS)http://pul/number/95185 996 $6245$aGuida del mondo :$b2001/2002 : il mondo visto dal sud$9(OLS)http://pul/title/96872 996 $6260$aRoma :$bIstituto del Tercer Mundo$9(OLS)http://pul/publisher/67708 LEADER 01395nam a2200337 u 4500 001 000000044817 003 CaOOAMICUS 005 20250507175243.0 008 990510s1995 enk u000 u eng u 020 $a0521430232 020 $a0521436168 035 $a10822683 040 $aPUL$bita$dPUL(R) 245 04$aThe Cambridge companion to Husserl /$cedited by Barry Smith and David Woodruff Smith. 260 $aCambridge :$bUniversity Press,$cc1995 (1996 printing) 300 $aviii, 518 p. ;$c23 cm 490 1 $aThe Cambridge companion 504 $aBibliografia: p. [487]-508. 600 14$aHusserl, Edmund,$d1859-1938$xCritica e interpretazione.$0(OLS)http://pul/subject/19387 700 1 $aSmith, Barry,$d1952-$0(OLS)http://pul/name/114359 700 1 $aWoodruff Smith, David.$0(OLS)http://pul/name/32674 830 4$aThe Cambridge companion.$0(OLS)http://pul/title/60427 850 $aPUL 852 $aPUL$W1$xSL Filosofia 2$y80$mPhil A8 11$j60275$nBK-PRI$b $qStampati altre collocazioni$B60275$CPULBib$Z2$F60275 $81 941 1 $a10 961 $aINV: 79714 996 $6020$a0521430232$9(OLS)http://pul/number/55898 996 $6020$a0521436168$9(OLS)http://pul/number/55899 996 $6245$aThe Cambridge companion to Husserl$9(OLS)http://pul/title/60439 996 $6260$aCambridge :$bUniversity Press$9(OLS)http://pul/publisher/49564